000 00470nam a2200181Ia 4500
001 20493
005 20260306172810.0
008 260306t2008||||xx |||||||||||||| ||spa||
041 _aESP
082 _a343.332
_bM61
100 _aPerú. Ministerio de Justicia
_eAUT
245 0 _aPor un Perú moderno:
_bpresentación y guía por Alan García
260 _c2008
300 _a306 páginas :
_c28 cm.
650 _aGEN
654 _aCDE
942 _cLIB
_dJUS
_fJUS
_2ddc
_n
999 _c20493
_d20493